An introduction to human-environment geography: local dynamics and global processes

Zapisane w:
Opis bibliograficzny
Główni autorzy: Moseley, William G. (Autor), Perramond, Eric (Autor), Hapke, Holly M (Autor), Laris, Paul (Autor)
Format: Książka
Język:angielski
Wydane: Malden Wiley Blackwell 2014
Wydanie:1a. ed
Hasła przedmiotowe:
Etykiety: Dodaj etykietę
Nie ma etykietki, Dołącz pierwszą etykiete!

MARC

LEADER 00000cam a2200000 a 4500
001 UCD2892
003 CL-VaPUC
008 160512e20140000us |||||||||||||||||eng|d
020 |a 9781405189323 
020 |a 9781405189316 
082 0 4 |a 304.2  |b MOS  |2 21 
100 |a Moseley, William G.  |e author  |9 586292 
700 0 |a Perramond, Eric  |e author  |9 586293 
700 0 |a Hapke, Holly M  |e author  |9 586294 
700 0 |a Laris, Paul  |e author  |9 586295 
245 1 3 |a An introduction to human-environment geography: local dynamics and global processes 
250 |a 1a. ed 
300 |a 404 p 
942 |c BK 
945 |d 20160512 21:36:00  |a arojas 
260 |a Malden  |b Wiley Blackwell  |c 2014 
650 0 |a Ecología humana   |9 263207 
650 0 |a Geografía humana  |9 267193 
650 0 |a Ciencias sociales   |9 256351 
583 |a last modification  |c 20160512 21:36:00  |k Rodrigo Vera 
999 |c 364002  |d 364000 
952 |0 0  |1 0  |3 erb  |4 0  |6 304_200000000000000_MOS_2014  |7 0  |8 A  |9 476908  |a BIBING  |b BIBING  |i 5286999  |o 304.2 MOS 2014  |p 5286999  |r 2025-01-20  |w 2019-11-24  |y BK  |z Catalogado en:20160512  |k GEO